000 00355nam a2200133Ia 4500
008 240624s9999 xx 000 0 und d
041 _aeng
082 _a658.4092 VER
100 _aVERSCHUREN ANNETTE
245 _aBET ON ME LEADING AND SUCCEEDING IN BUSI
260 _c2016
_aNew York
_bHarperCollins
300 _axviii, 253 p.; 23 cm.
365 _c
_b38
999 _c30468
_d30468